Inside the Asian cold war intrigues: revisiting the Taiwan strait crises (Record no. 509716)

000 -LEADER
fixed length control field 00455nam a22001577a 4500
008 - FIXED-LENGTH DATA ELEMENTS--GENERAL INFORMATION
fixed length control field 190522b ||||| |||| 00| 0 eng d
100 ## - MAIN ENTRY--PERSONAL NAME
Personal name Ruping, Xiao
245 ## - TITLE STATEMENT
Title Inside the Asian cold war intrigues: revisiting the Taiwan strait crises
260 ## - PUBLICATION, DISTRIBUTION, ETC. (IMPRINT)
Date of publication, distribution, etc 2018
300 ## - PHYSICAL DESCRIPTION
Extent p.2109-2136.
650 ## - SUBJECT ADDED ENTRY--TOPICAL TERM
Topical term or geographic name as entry element Cold war
9 (RLIN) 5892
700 ## - ADDED ENTRY--PERSONAL NAME
Personal name Lin, Hsiao-Ting
9 (RLIN) 5893
773 ## - HOST ITEM ENTRY
Main entry heading Modern Asian Studies
906 ## - LOCAL DATA ELEMENT F, LDF (RLIN)
Subject DIP International relations
942 ## - ADDED ENTRY ELEMENTS (KOHA)
Source of classification or shelving scheme
Item type Articles
Holdings
Withdrawn status Lost status Source of classification or shelving scheme Damaged status Not for loan Permanent location Current location Date acquired Serial Enumeration / chronology Barcode Date last seen Koha item type
          Indian Institute of Public Administration Indian Institute of Public Administration 2019-05-22 52(6), Nov, 2018: p.2109-2136. AR119822 2019-05-22 Articles

Powered by Koha